Normal view
MARC view
Entry Personal Name
001 - CONTROL NUMBER
- control field: 49718
003 - CONTROL NUMBER IDENTIFIER
- control field: OSt
005 - DATE AND TIME OF LATEST TRANSACTION
- control field: 20160401153018.0
008 - FIXED-LENGTH DATA ELEMENTS
- fixed length control field: 160401|| aca||aabn | a|a d
040 ## - CATALOGING SOURCE
- Original cataloging agency: OSt
- Transcribing agency: OSt
100 ## - HEADING--PERSONAL NAME
- Personal name: डॉ रंजना शर्मा
670 ## - SOURCE DATA FOUND
- Source citation: Work cat.: (OSt)48122: डॉ रंजना शर्मा , लोकसाहित्य चिन्तन के विविध आयाम, 2011









